| 000 | 00653nam a22002177a 4500 | ||
|---|---|---|---|
| 003 | UA-OsUOA | ||
| 001 | 107225 | ||
| 007 | ta | ||
| 008 | 20140714b un ||||| |||| 00| 0 ukr d | ||
| 100 | _aЧехова І.В. | ||
| 090 |
_a330(477) _bЧ-56 |
||
| 942 | _cSA | ||
| 040 |
_aUA-OsUOA _bukr _cUA-OsUOA _dUA-OsUOA |
||
| 245 | _aФункціонування ринку банківських кредитних ресурсів в аграрному секорі економіки України | ||
| 300 | _aС.50-62 | ||
| 955 | _a0 | ||
| 041 | _aukr | ||
| 080 | _a330(477) | ||
| 773 | 0 | _w107224 | |
| 650 | 7 |
_a330 Економіка взагалі _2UDC |
|
| 999 |
_c392999 _d392999 |
||